000 00855nam a2200265Ia 4500
001 Para_8444
003 CHAP
008 220125s9999 xx 000 0 und d
010 _a207287
040 _cCHAP
082 _aPA-C 595.752 A6
100 _aPettit, R. H.
_9166727
245 _aReport of the section of entomology /
_c by R. H. Pettit
300 _a17 p.
440 _aAphidae; 14
_9173807
500 _aSobretiro de: Annual report of the state Board of Agriculture: 1-17, 1923. Encuadernado con otros impresos similares
650 _a
_x Afididos
_x Colecciones de escritos
_x Chícharo
_x plagas
_x Ilinoia Pisi
_x Laucotermes tenuis
_9173853
901 _aPA-C 595.752 A6
902 _aA
905 _a000000 0000000000 00
910 _a
942 _cPARA
942 _cPARA
_d1
999 _c207287
_d207287